Jacques Lacan: An outline of a life and a history of a system of thought (Record no. 104289)
[ view plain ]
| 000 -LEADER | |
|---|---|
| fixed length control field | 00437nam a2200157Ia 4500 |
| 008 - FIXED-LENGTH DATA ELEMENTS--GENERAL INFORMATION | |
| fixed length control field | 230917s9999||||xx |||||||||||||| ||und|| |
| 020 ## - ISBN | |
| Price | PON14.99 |
| 040 ## - CATALOGING SOURCE | |
| -- | 31043 |
| Original cataloging agency | VIVEKANANDA LIBRARY |
| 041 ## - Language | |
| -- | English |
| 082 ## - DDC NUMBER | |
| Classification number | 150.92 R753J |
| 100 ## - MAIN ENTRY--PERSONAL NAME | |
| Personal name | Roudinesco, Elisabeth |
| 245 #0 - TITLE STATEMENT | |
| Title | Jacques Lacan: An outline of a life and a history of a system of thought |
| 260 ## - PUBLICATION, DISTRIBUTION, ETC. (IMPRINT) | |
| Place of publication, distribution, etc | Cambridge |
| Name of publisher, distributor, etc | Policy Press |
| Date of publication, distribution, etc | 1999 |
| 300 ## - PHYSICAL DESCRIPTION | |
| Pages | zvii, 574 p. |
| 942 ## - ADDED ENTRY ELEMENTS (KOHA) | |
| Koha item type | Books |
| Withdrawn status | Lost status | Damaged status | Not for loan | Location (home branch) | Sublocation or collection (holding branch) | Date acquired | Koha issues (times borrowed) | Koha full call number | Accession No. | Koha date last seen | Koha item type |
|---|---|---|---|---|---|---|---|---|---|---|---|
| VIVEKANANDA LIBRARY | VIVEKANANDA LIBRARY | 08/08/2002 | 150.92 R753J | 188674 | 17/09/2023 | Books |
